[Event "Alcorcon Diagonal op 2nd"]
[Site "Alcorcon"]
[Date "2023.12.30"]
[Round "9"]
[White "Vargas Rodriguez, Wilver"]
[Black "Bustos Bernardo, Samuel"]
[Result "0-1"]
[WhiteElo "2273"]
[BlackElo "2176"]
[PlyCount "92"]
[EventDate "2023.12.26"]
[EventType "swiss"]
[EventRounds "9"]
[EventCountry "ESP"]
[SourceTitle "CB01_2024"]
[SourceDate "2024.01.03"]
[SourceVersion "1"]
[SourceVersionDate "2024.01.03"]
[SourceQuality "1"]

1. e4 e5 2. Nf3 Nc6 3. Bb5 a6 4. Ba4 Nf6 5. Qe2 b5 6. Bb3 Be7 7. 0-0 0-0 8. c3 d6 9. Rd1 Na5 10. Bc2 c5 11. d3 Re8 12. Nbd2 Bf8 13. Nf1 h6 14. h3 d5 15. g4 Qb6 16. Ng3 Bb7 17. Nh4 c4 18. Nhf5 Qc6 19. dxc4 dxe4 20. cxb5 axb5 21. h4 e3 22. fxe3 g6 23. g5 gxf5 24. gxf6 Qxf6 25. Bxf5 Qxh4 26. Qg4+ Qxg4 27. Bxg4 Nb3 28. axb3 Rxa1 29. e4 Be7 30. Bxh6 Rxd1+ 31. Bxd1 Ra8 32. Be2 Ra1+ 33. Kg2 Rb1 34. Kf3 Bc6 35. Nf5 Bf8 36. Bg5 Rxb2 37. Bd1 Rh2 38. Bf6 Rh3+ 39. Ng3 Bg7 40. Bxg7 Kxg7 41. Kg2 Rh8 42. Kf3 Bd7 43. b4 Rc8 44. Ne2 Kg6 45. Bc2 Kg5 46. Bd3 Bg4+ 0-1

[Event "Titled Tuesday intern op 27th Jun Early"]
[Site "Chess.com INT"]
[Date "2023.06.27"]
[Round "4"]
[White "Vargas Rodriguez, Wilver"]
[Black "Silva, Caio Henrique Angel"]
[Result "0-1"]
[WhiteElo "2304"]
[BlackElo "2165"]
[PlyCount "54"]
[EventDate "2023.06.27"]
[EventType "swiss (blitz)"]
[EventRounds "11"]
[EventCountry "USA"]
[SourceTitle "EXT 2024"]
[Source "ChessBase"]
[SourceDate "2023.10.10"]
[SourceVersion "1"]
[SourceVersionDate "2023.10.10"]
[SourceQuality "1"]

1. Nf3 Nf6 2. c4 g6 3. b4 Bg7 4. Bb2 0-0 5. g3 c5 6. b5 d5 7. cxd5 Nxd5 8. Bxg7 Kxg7 9. Bg2 Nd7 10. 0-0 N7f6 11. a4 Re8 12. a5 e5 13. d3 Bd7 14. Qb3 Nb4 15. Nc3 h6 16. Nd2 Rb8 17. Nc4 Be6 18. Rfd1 Nfd5 19. Ne4 b6 20. Ned6 Re7 21. axb6 Nxb6 22. Qc3 f6 23. Ne4 N6d5 24. Nxc5 Nxc3 25. Nxe6+ Rxe6 26. Rxa7+ Re7 27. Rxe7+ Qxe7 0-1

[Event "Titled Tuesday intern op 20th Jun Early"]
[Site "Chess.com INT"]
[Date "2023.06.20"]
[Round "4"]
[White "Sala, Giulia"]
[Black "Vargas Rodriguez, Wilver"]
[Result "0-1"]
[WhiteElo "2013"]
[BlackElo "2304"]
[PlyCount "44"]
[EventDate "2023.06.20"]
[EventType "swiss (blitz)"]
[EventRounds "11"]
[EventCountry "USA"]
[SourceTitle "EXT 2024"]
[Source "ChessBase"]
[SourceDate "2023.10.10"]
[SourceVersion "1"]
[SourceVersionDate "2023.10.10"]
[SourceQuality "1"]

1. d4 Nf6 2. c4 e6 3. Nc3 d5 4. e3 a6 5. g3 dxc4 6. Bxc4 b5 7. Bf1 Bb7 8. Nf3 c5 9. Bg2 cxd4 10. exd4 Bb4 11. 0-0 0-0 12. Bg5 h6 13. Bf4 Nbd7 14. Re1 Rc8 15. Qd3 Nb6 16. Ne5 Bxg2 17. Kxg2 Nbd5 18. Bd2 Qb6 19. Nxd5 Nxd5 20. Nd7 Qb7 21. Nxf8 Nf4+ 22. Kf1 Qh1# 0-1

[Event "Titled Tuesday intern op 20th Jun Early"]
[Site "Chess.com INT"]
[Date "2023.06.20"]
[Round "7"]
[White "Sovetbekova, Nurai"]
[Black "Vargas Rodriguez, Wilver"]
[Result "1-0"]
[WhiteElo "1823"]
[BlackElo "2304"]
[PlyCount "79"]
[EventDate "2023.06.20"]
[EventType "swiss (blitz)"]
[EventRounds "11"]
[EventCountry "USA"]
[SourceTitle "EXT 2024"]
[Source "ChessBase"]
[SourceDate "2023.10.10"]
[SourceVersion "1"]
[SourceVersionDate "2023.10.10"]
[SourceQuality "1"]

1. d4 Nf6 2. c4 e6 3. Nc3 d5 4. cxd5 exd5 5. Bg5 c6 6. e3 Be7 7. Bd3 Nbd7 8. Nge2 Nh5 9. Bxe7 Qxe7 10. Qd2 Nb6 11. 0-0 0-0 12. f3 f5 13. e4 fxe4 14. fxe4 dxe4 15. Rxf8+ Qxf8 16. Nxe4 Nd5 17. Rf1 Qe7 18. Ng5 Nhf6 19. Nf4 Qe3+ 20. Qxe3 Nxe3 21. Re1 Nf5 22. Bc4+ Kh8 23. Nf7+ Kg8 24. g4 Nxd4 25. Rd1 Nf3+ 26. Kf2 Bxg4 27. Nh6+ Kh8 28. Nxg4 Nxg4+ 29. Kxf3 Ne5+ 30. Kg3 Nxc4 31. Rd7 Nxb2 32. Rxb7 Nc4 33. Ne6 Rg8 34. Rxa7 Ne5 35. Rc7 h6 36. Kf4 Ng6+ 37. Kf5 Nh4+ 38. Kg4 Ng6 39. a4 Ra8 40. Rxg7 1-0

[Event "Titled Tuesday intern op 23rd May Early"]
[Site "Chess.com INT"]
[Date "2023.05.23"]
[Round "3"]
[White "Sargissyan, Sargis"]
[Black "Vargas Rodriguez, Wilver"]
[Result "1-0"]
[WhiteElo "2234"]
[BlackElo "2332"]
[PlyCount "103"]
[EventDate "2023.05.23"]
[EventType "swiss (blitz)"]
[EventRounds "11"]
[EventCountry "USA"]
[SourceTitle "CBM 214 Extra"]
[Source "ChessBase"]
[SourceDate "2023.07.31"]
[SourceVersion "1"]
[SourceVersionDate "2023.07.31"]
[SourceQuality "1"]

1. e4 c5 2. Nf3 Nc6 3. d4 cxd4 4. Nxd4 Nf6 5. Nc3 e5 6. Ndb5 d6 7. Bg5 a6 8. Na3 b5 9. Nd5 Be7 10. Bxf6 Bxf6 11. c3 0-0 12. Nc2 Bg5 13. h4 Bh6 14. g3 f5 15. exf5 Bxf5 16. Bg2 Rc8 17. 0-0 Kh8 18. a4 Bxc2 19. Qxc2 Nd4 20. Qd1 Nc6 21. axb5 axb5 22. Ra6 b4 23. Nxb4 Nxb4 24. cxb4 Qc7 25. Rxd6 Rfd8 26. Rd5 Rxd5 27. Qxd5 Rb8 28. b5 Bc1 29. Qc6 Qxc6 30. bxc6 Bxb2 31. c7 Rc8 32. Rb1 Rxc7 33. Rxb2 g6 34. Rb8+ Kg7 35. Rb7 Rxb7 36. Bxb7 g5 37. hxg5 Kg6 38. Be4+ Kxg5 39. Bxh7 e4 40. Bxe4 Kg4 41. Kg2 Kg5 42. f4+ Kg4 43. Bc6 Kf5 44. Kf3 Kg6 45. g4 Kf6 46. g5+ Kg6 47. Be4+ Kh5 48. Bf5 Kh4 49. g6 Kh5 50. g7 Kh6 51. g8Q Kh5 52. Qg5# 1-0

[Event "Titled Tuesday intern op 23rd May Early"]
[Site "Chess.com INT"]
[Date "2023.05.23"]
[Round "11"]
[White "Vargas Rodriguez, Wilver"]
[Black "Afanasieva, Alexandra"]
[Result "0-1"]
[WhiteElo "2332"]
[BlackElo "1857"]
[PlyCount "70"]
[EventDate "2023.05.23"]
[EventType "swiss (blitz)"]
[EventRounds "11"]
[EventCountry "USA"]
[SourceTitle "CBM 214 Extra"]
[Source "ChessBase"]
[SourceDate "2023.07.31"]
[SourceVersion "1"]
[SourceVersionDate "2023.07.31"]
[SourceQuality "1"]

1. Nf3 Nf6 2. d4 e6 3. c3 b6 4. Bf4 Bb7 5. e3 d5 6. Nbd2 Bd6 7. Ne5 0-0 8. Bd3 Nbd7 9. h4 Bxe5 10. dxe5 Ne4 11. Qc2 Ndc5 12. Be2 Nxd2 13. Qxd2 Ne4 14. Qc2 f6 15. f3 fxe5 16. Bxe5 Nf6 17. Bd3 h6 18. 0-0-0 c5 19. e4 dxe4 20. Bxe4 Bxe4 21. Rxd8 Bxc2 22. Rxf8+ Rxf8 23. Kxc2 Nd5 24. c4 Ne3+ 25. Kd3 Nxg2 26. Ke4 Rf7 27. Rh2 Ne1 28. Bf4 e5 29. Bxe5 Nxf3 30. Rh3 Nxe5 31. Kxe5 Rf2 32. b3 Rxa2 33. Kd6 Kf7 34. Kc6 g5 35. hxg5 hxg5 0-1

[Event "Titled Tuesday intern op 23rd May Early"]
[Site "Chess.com INT"]
[Date "2023.05.23"]
[Round "4"]
[White "Vargas Rodriguez, Wilver"]
[Black "Topalov, Aleksandar"]
[Result "0-1"]
[WhiteElo "2332"]
[BlackElo "2233"]
[PlyCount "54"]
[EventDate "2023.05.23"]
[EventType "swiss (blitz)"]
[EventRounds "11"]
[EventCountry "USA"]
[SourceTitle "CBM 214 Extra"]
[Source "ChessBase"]
[SourceDate "2023.07.31"]
[SourceVersion "1"]
[SourceVersionDate "2023.07.31"]
[SourceQuality "1"]

1. Nf3 Nf6 2. b3 g6 3. Bb2 Bg7 4. c4 0-0 5. g3 a5 6. Bg2 a4 7. bxa4 Na6 8. d4 d6 9. 0-0 c5 10. d5 Bd7 11. Nc3 Qa5 12. Nb5 Nb8 13. Re1 Qxa4 14. Qxa4 Rxa4 15. e4 Rxc4 16. Na3 Rxe4 17. Rxe4 Nxe4 18. Bxg7 Kxg7 19. Re1 f5 20. Nh4 Rf7 21. Bxe4 fxe4 22. Rxe4 b5 23. Nc2 Na6 24. Ne3 Nc7 25. Nhg2 Bf5 26. Nxf5+ gxf5 27. Nf4 fxe4 0-1

[Event "Titled Tuesday intern op 02nd May Early"]
[Site "Chess.com INT"]
[Date "2023.05.02"]
[Round "6"]
[White "Blanco Diez, David"]
[Black "Vargas Rodriguez, Wilver"]
[Result "1-0"]
[WhiteElo "2323"]
[BlackElo "2332"]
[PlyCount "147"]
[EventDate "2023.05.02"]
[EventType "swiss (blitz)"]
[EventRounds "11"]
[EventCountry "USA"]
[SourceTitle "EXT 2024"]
[Source "ChessBase"]
[SourceDate "2023.10.10"]
[SourceVersion "1"]
[SourceVersionDate "2023.10.10"]
[SourceQuality "1"]

1. e4 c5 2. Nf3 d6 3. d4 cxd4 4. Nxd4 Nf6 5. Nc3 a6 6. Rg1 e6 7. g4 Be7 8. g5 Nfd7 9. Be3 Nc6 10. h4 Qc7 11. Qd2 b5 12. 0-0-0 Bb7 13. Bxb5 axb5 14. Ndxb5 Qb8 15. Nxd6+ Bxd6 16. Qxd6 Qxd6 17. Rxd6 Ke7 18. Rgd1 Rhd8 19. f4 e5 20. f5 Nd4 21. Bxd4 Kxd6 22. Bb6+ Ke7 23. Bxd8+ Rxd8 24. Nd5+ Bxd5 25. Rxd5 Nb6 26. Rxe5+ Kd6 27. Rb5 Kc6 28. Rb3 Rd4 29. Rc3+ Kd6 30. Rd3 Ke5 31. Rxd4 Kxd4 32. h5 g6 33. fxg6 fxg6 34. hxg6 hxg6 35. b3 Kxe4 36. a4 Kd4 37. Kd2 Nd5 38. a5 Nc3 39. a6 Ne4+ 40. Ke2 Nc3+ 41. Kf3 Nb5 42. c4 Nc7 43. a7 Kc5 44. Ke4 Kb6 45. Ke5 Kxa7 46. Kf6 Kb6 47. Kxg6 Kc5 48. Kf7 Kb4 49. g6 Kxb3 50. g7 Kxc4 51. g8Q Nd5 52. Qg4+ Kd3 53. Ke6 Nc3 54. Ke5 Kc2 55. Qg2+ Kd3 56. Kd6 Ne4+ 57. Kd5 Nc3+ 58. Ke5 Kc4 59. Qg4+ Kd3 60. Qd4+ Kc2 61. Ke6 Kb3 62. Kd7 Kc2 63. Kc6 Kb3 64. Qd3 Kb4 65. Kb6 Na4+ 66. Kc6 Nc3 67. Qd4+ Kb3 68. Kc5 Na4+ 69. Kb5 Nc3+ 70. Ka5 Kc2 71. Kb4 Na2+ 72. Kc4 Kb1 73. Qf2 Nc1 74. Kc3 1-0

[Event "Titled Tuesday intern op 02nd May Early"]
[Site "Chess.com INT"]
[Date "2023.05.02"]
[Round "5"]
[White "Buscar, Michael"]
[Black "Vargas Rodriguez, Wilver"]
[Result "0-1"]
[WhiteElo "2041"]
[BlackElo "2332"]
[PlyCount "64"]
[EventDate "2023.05.02"]
[EventType "swiss (blitz)"]
[EventRounds "11"]
[EventCountry "USA"]
[SourceTitle "EXT 2024"]
[Source "ChessBase"]
[SourceDate "2023.10.10"]
[SourceVersion "1"]
[SourceVersionDate "2023.10.10"]
[SourceQuality "1"]

1. c4 c5 2. Nf3 Nc6 3. g3 g6 4. Bg2 Bg7 5. 0-0 e6 6. Nc3 Nge7 7. d3 0-0 8. Bg5 Rb8 9. Qd2 Re8 10. Bh6 Bh8 11. h4 a6 12. h5 b5 13. cxb5 axb5 14. hxg6 hxg6 15. Ne4 d6 16. Bg5 Qa5 17. Qf4 e5 18. Nf6+ Bxf6 19. Qxf6 Nf5 20. g4 Re6 21. gxf5 Rxf6 22. Bxf6 Bxf5 23. Ng5 Nd4 24. Bd5 Nxe2+ 25. Kh2 Be6 26. Bf3 Nf4 27. Kg3 Nh5+ 28. Bxh5 gxh5 29. Rh1 Bg4 30. f3 Qd2 31. fxg4 Qf4+ 32. Kh4 Qxg4# 0-1

[Event "Titled Tuesday intern op 02nd May Early"]
[Site "Chess.com INT"]
[Date "2023.05.02"]
[Round "1"]
[White "Mortazavi, Ali"]
[Black "Vargas Rodriguez, Wilver"]
[Result "1-0"]
[WhiteElo "2333"]
[BlackElo "2332"]
[PlyCount "55"]
[EventDate "2023.05.02"]
[EventType "swiss (blitz)"]
[EventRounds "11"]
[EventCountry "USA"]
[SourceTitle "EXT 2024"]
[Source "ChessBase"]
[SourceDate "2023.10.10"]
[SourceVersion "1"]
[SourceVersionDate "2023.10.10"]
[SourceQuality "1"]

1. Nf3 d5 2. g3 Nf6 3. Bg2 c6 4. 0-0 Bf5 5. d3 e6 6. c4 h6 7. Be3 Be7 8. Qb3 Qc7 9. Nc3 Nbd7 10. cxd5 exd5 11. Rac1 Nc5 12. Bxc5 Bxc5 13. Nxd5 Nxd5 14. Rxc5 Be6 15. Nd4 Qb6 16. Nxe6 fxe6 17. Qc2 0-0 18. d4 Qa6 19. a3 Rf6 20. Qe4 Raf8 21. Bh3 Nc7 22. Re5 Qc4 23. e3 Qb3 24. Qb1 Qc4 25. Rc5 Qe2 26. Rc2 Qf3 27. Bg2 Qh5 28. Rc5 1-0

[Event "Titled Tuesday intern op 18th Apr Early"]
[Site "Chess.com INT"]
[Date "2023.04.18"]
[Round "3"]
[White "Korol, Dimitry"]
[Black "Vargas Rodriguez, Wilver"]
[Result "1-0"]
[WhiteElo "2287"]
[BlackElo "2332"]
[PlyCount "49"]
[EventDate "2023.04.18"]
[EventType "swiss (blitz)"]
[EventRounds "11"]
[EventCountry "USA"]
[SourceTitle "EXT 2024"]
[Source "ChessBase"]
[SourceDate "2023.10.10"]
[SourceVersion "1"]
[SourceVersionDate "2023.10.10"]
[SourceQuality "1"]

1. d4 Nf6 2. c4 e6 3. Nc3 Bb4 4. Qc2 0-0 5. e4 Bxc3+ 6. bxc3 Ne8 7. Bd3 f6 8. f4 c5 9. Nf3 b6 10. 0-0 d6 11. e5 f5 12. Ba3 Bb7 13. Rad1 Qe7 14. exd6 Nxd6 15. dxc5 bxc5 16. Bxc5 Nd7 17. Ba3 Bxf3 18. Rxf3 Nf6 19. Bxf5 exf5 20. Bxd6 Qe6 21. Bxf8 Rxf8 22. Qd3 Re8 23. h3 h6 24. Kh2 g6 25. Qd4 1-0

[Event "Titled Tuesday intern op 18th Apr Late"]
[Site "Chess.com INT"]
[Date "2023.04.18"]
[Round "6"]
[White "Ramirez, Vido Robert"]
[Black "Vargas Rodriguez, Wilver"]
[Result "1-0"]
[WhiteElo "2015"]
[BlackElo "2332"]
[PlyCount "51"]
[EventDate "2023.04.18"]
[EventType "swiss (blitz)"]
[EventRounds "11"]
[EventCountry "USA"]
[SourceTitle "EXT 2024"]
[Source "ChessBase"]
[SourceDate "2023.10.10"]
[SourceVersion "1"]
[SourceVersionDate "2023.10.10"]
[SourceQuality "1"]

1. f4 c5 2. Nf3 Nc6 3. g3 g6 4. Bg2 Bg7 5. 0-0 e6 6. d3 Nge7 7. e4 d6 8. c3 Rb8 9. a4 a6 10. Be3 b6 11. Bf2 0-0 12. Re1 e5 13. d4 cxd4 14. cxd4 exf4 15. gxf4 Bg4 16. Nc3 Na5 17. h3 Be6 18. d5 Bd7 19. Bd4 f6 20. e5 fxe5 21. fxe5 dxe5 22. Bxe5 Bxe5 23. Nxe5 Nf5 24. d6 Kg7 25. Nd5 Nxd6 26. Qd4 1-0

[Event "Titled Tuesday intern op 18th Apr Late"]
[Site "Chess.com INT"]
[Date "2023.04.18"]
[Round "7"]
[White "Vargas Rodriguez, Wilver"]
[Black "Mikheev, Stanislav Valerievi"]
[Result "1-0"]
[WhiteElo "2332"]
[BlackElo "2311"]
[PlyCount "45"]
[EventDate "2023.04.18"]
[EventType "swiss (blitz)"]
[EventRounds "11"]
[EventCountry "USA"]
[SourceTitle "EXT 2024"]
[Source "ChessBase"]
[SourceDate "2023.10.10"]
[SourceVersion "1"]
[SourceVersionDate "2023.10.10"]
[SourceQuality "1"]

1. e4 e5 2. Nf3 Nc6 3. d4 exd4 4. Nxd4 Nf6 5. Nxc6 bxc6 6. e5 Ne4 7. Bd3 Nc5 8. 0-0 Be7 9. c4 Nxd3 10. Qxd3 0-0 11. Be3 d5 12. exd6 cxd6 13. Nc3 Ba6 14. b4 d5 15. b5 dxc4 16. Qxd8 Rfxd8 17. bxa6 Bf6 18. Rac1 Rd3 19. Ne4 c3 20. Nxf6+ gxf6 21. Rc2 Rad8 22. g3 R8d7 23. Rfc1 1-0

[Event "Titled Tuesday intern op 11th Apr Early"]
[Site "Chess.com INT"]
[Date "2023.04.11"]
[Round "5"]
[White "Kaplan, Avi Harrison"]
[Black "Vargas Rodriguez, Wilver"]
[Result "0-1"]
[WhiteElo "2146"]
[BlackElo "2332"]
[PlyCount "142"]
[EventDate "2023.04.11"]
[EventType "swiss (blitz)"]
[EventRounds "11"]
[EventCountry "USA"]
[SourceTitle "CBM 213 Extra"]
[Source "ChessBase"]
[SourceDate "2023.05.31"]
[SourceVersion "1"]
[SourceVersionDate "2023.05.31"]
[SourceQuality "1"]

1. c3 c5 2. Na3 Nc6 3. e4 g6 4. Nc4 Bg7 5. f4 d6 6. Nf3 e6 7. Be2 Nge7 8. 0-0 0-0 9. d3 b5 10. Ne3 Qb6 11. h4 h5 12. f5 exf5 13. Ng5 Ne5 14. Bxh5 Ng4 15. Bxg4 fxg4 16. Nxg4 f5 17. exf5 Bxf5 18. Ne3 c4 19. d4 Bd3 20. Rxf8+ Rxf8 21. h5 d5 22. Bd2 Qf6 23. Ng4 Qd6 24. Qe1 Rf1+ 25. Qxf1 Bxf1 26. Rxf1 gxh5 27. Nh2 Qg6 28. Nhf3 Nf5 29. Ne5 Bxe5 30. dxe5 Ng3 31. Re1 Ne4 32. Nxe4 dxe4 33. Be3 h4 34. Bd4 h3 35. Re2 Kf7 36. Kh2 Ke6 37. gxh3 Qf5 38. Rg2 Qf4+ 39. Rg3 Qd2+ 40. Rg2 Qf4+ 41. Kg1 e3 42. Re2 Qg3+ 43. Kf1 Qxh3+ 44. Rg2 e2+ 45. Kf2 e1Q+ 46. Kxe1 Qxg2 47. b4 Qxa2 48. Kd1 a5 49. Kc1 a4 50. Kd1 a3 51. Be3 Qb1+ 52. Bc1 a2 53. Ke2 a1Q 54. Kf3 Qxc1 55. Ke4 Qcxc3 56. Kf4 Qac1+ 57. Kg4 Qxe5 58. Kh3 c3 59. Kg2 c2 60. Kf3 Qcb2 61. Kg4 c1Q 62. Kh3 Qxb4 63. Kg2 Qbd6 64. Kf3 Qcc7 65. Kg4 b4 66. Kh3 b3 67. Kg4 b2 68. Kh3 b1Q 69. Kg2 Qbe4+ 70. Kg1 Qd2 71. Kf1 Qcc1# 0-1

[Event "Titled Tuesday intern op 11th Apr Early"]
[Site "Chess.com INT"]
[Date "2023.04.11"]
[Round "6"]
[White "Vargas Rodriguez, Wilver"]
[Black "Bogaudinov, Rushan"]
[Result "1-0"]
[WhiteElo "2332"]
[BlackElo "1939"]
[PlyCount "97"]
[EventDate "2023.04.11"]
[EventType "swiss (blitz)"]
[EventRounds "11"]
[EventCountry "USA"]
[SourceTitle "CBM 213 Extra"]
[Source "ChessBase"]
[SourceDate "2023.05.31"]
[SourceVersion "1"]
[SourceVersionDate "2023.05.31"]
[SourceQuality "1"]

1. e4 c5 2. Nf3 e6 3. c3 d5 4. exd5 Qxd5 5. d4 Nc6 6. Bb5 Nf6 7. 0-0 Be7 8. Re1 0-0 9. c4 Qd8 10. d5 exd5 11. cxd5 Nxd5 12. Bxc6 bxc6 13. Ne5 Bb7 14. Nd2 Bf6 15. Ndc4 Re8 16. Bd2 Qc7 17. Nd3 Ba6 18. Qc2 Nb6 19. Ba5 Bd4 20. Rad1 Bxc4 21. Bxb6 axb6 22. Qxc4 g6 23. a4 h5 24. b3 Kg7 25. h3 Qd7 26. Nf4 Qf5 27. g3 h4 28. Qd3 hxg3 29. Qxg3 Rh8 30. Kg2 Rae8 31. Rxe8 Rxe8 32. Qg4 Qe4+ 33. Qf3 f5 34. Rd3 Kf6 35. Kf1 g5 36. Nh5+ Kg6 37. Ng3 Qxf3 38. Rxf3 f4 39. Ne2 Kf5 40. Rd3 Ke4 41. Rd1 b5 42. Nxd4 cxd4 43. Re1+ Kd3 44. Rxe8 c5 45. axb5 Kc3 46. b6 d3 47. b7 f3 48. b8Q Kc2 49. Rd8 1-0

[Event "Titled Tuesday intern op 11th Apr Early"]
[Site "Chess.com INT"]
[Date "2023.04.11"]
[Round "9"]
[White "Vargas Rodriguez, Wilver"]
[Black "Rodriguez Santiago, Jaime"]
[Result "0-1"]
[WhiteElo "2332"]
[BlackElo "2026"]
[PlyCount "70"]
[EventDate "2023.04.11"]
[EventType "swiss (blitz)"]
[EventRounds "11"]
[EventCountry "USA"]
[SourceTitle "CBM 213 Extra"]
[Source "ChessBase"]
[SourceDate "2023.05.31"]
[SourceVersion "1"]
[SourceVersionDate "2023.05.31"]
[SourceQuality "1"]

1. e4 c6 2. Nc3 d5 3. d3 dxe4 4. dxe4 Qxd1+ 5. Nxd1 e5 6. Nf3 Nd7 7. Bc4 h6 8. 0-0 Ngf6 9. Re1 Bc5 10. Be3 Bb4 11. c3 Bd6 12. Bd2 b5 13. Bb3 Bb7 14. a4 a6 15. axb5 cxb5 16. Bc2 0-0 17. b4 Rfc8 18. Bd3 Nb6 19. Nb2 Rc6 20. Be3 Nfd7 21. Rec1 Rac8 22. Nd2 Rxc3 23. Rxc3 Rxc3 24. Nb1 Rc8 25. Bd2 Nf6 26. f3 Nc4 27. Bc3 Bb8 28. Nxc4 bxc4 29. Bc2 Ba7+ 30. Kf1 Bd4 31. Ra2 Nh5 32. g3 Nf6 33. Ke2 Nd7 34. Ra3 Nb6 35. Ra5 Rd8 0-1

[Event "Titled Tuesday intern op 04th Apr Early"]
[Site "Chess.com INT"]
[Date "2023.04.04"]
[Round "6"]
[White "Vargas Rodriguez, Wilver"]
[Black "Harriott, Tyrell"]
[Result "1-0"]
[WhiteElo "2332"]
[BlackElo "1889"]
[PlyCount "169"]
[EventDate "2023.04.04"]
[EventType "swiss (blitz)"]
[EventRounds "11"]
[EventCountry "USA"]
[SourceTitle "EXT 2024"]
[Source "ChessBase"]
[SourceDate "2023.10.10"]
[SourceVersion "1"]
[SourceVersionDate "2023.10.10"]
[SourceQuality "1"]

1. e4 d6 2. Nf3 Nf6 3. d3 e5 4. g3 Be7 5. Bg2 0-0 6. 0-0 Nbd7 7. Be3 Re8 8. Nbd2 c6 9. c3 Qc7 10. d4 Nf8 11. Nc4 Ng6 12. a4 Bd7 13. Qb3 Be6 14. Nfd2 Reb8 15. Qc2 Qc8 16. b4 Bh3 17. dxe5 dxe5 18. Nf3 Bxg2 19. Kxg2 Nf4+ 20. Bxf4 exf4 21. e5 Ne8 22. Rad1 Qe6 23. Qe4 fxg3 24. hxg3 g6 25. Ne3 f5 26. Qf4 Ng7 27. Nd4 Qf7 28. Rh1 g5 29. Qf3 Rf8 30. Rh6 g4 31. Qf4 Nh5 32. Rxh5 Qxh5 33. Ne6 Rf7 34. Rh1 Qg6 35. Qc4 Bf8 36. Nf4 Qg7 37. Nxf5 Qg5 38. Nd6 Bxd6 39. exd6 Raf8 40. d7 Kh8 41. Qe6 Qe7 42. Qxe7 Rxe7 43. Ng6+ Kg7 44. Nxe7 Rd8 45. Nf5+ Kf6 46. Nd4 Rxd7 47. Rh6+ Kg5 48. Rh4 b6 49. Ne2 h5 50. Nf4 Rh7 51. Ne6+ Kf6 52. Nd4 Ke5 53. Ne2 Kf5 54. Nf4 Kg5 55. Ne6+ Kf6 56. Nd4 Ke5 57. Nxc6+ Kf6 58. Nd4 Kg5 59. Ne2 Rh6 60. Nf4 Rh7 61. Rxh5+ Rxh5 62. Nxh5 Kxh5 63. c4 Kg5 64. c5 bxc5 65. bxc5 Kf5 66. f3 gxf3+ 67. Kxf3 Ke5 68. g4 Kd5 69. g5 Kxc5 70. g6 Kd6 71. g7 Kc5 72. g8Q Kb4 73. Qg4+ Ka5 74. Ke3 a6 75. Kd3 Kb6 76. Qb4+ Ka7 77. Qa5 Kb7 78. Kc4 Ka7 79. Kc5 Kb7 80. Qb6+ Ka8 81. Qxa6+ Kb8 82. Qd6+ Kb7 83. Qc6+ Kb8 84. Qd7 Ka8 85. Kb6 1-0

[Event "Titled Tuesday intern op 04th Apr Early"]
[Site "Chess.com INT"]
[Date "2023.04.04"]
[Round "9"]
[White "Vargas Rodriguez, Wilver"]
[Black "Okike, David"]
[Result "0-1"]
[WhiteElo "2332"]
[BlackElo "2157"]
[PlyCount "74"]
[EventDate "2023.04.04"]
[EventType "swiss (blitz)"]
[EventRounds "11"]
[EventCountry "USA"]
[SourceTitle "EXT 2024"]
[Source "ChessBase"]
[SourceDate "2023.10.10"]
[SourceVersion "1"]
[SourceVersionDate "2023.10.10"]
[SourceQuality "1"]

1. e4 c5 2. Nf3 Nc6 3. d4 cxd4 4. Nxd4 Nf6 5. Nc3 d6 6. Be2 e5 7. Nb3 h6 8. 0-0 Be7 9. Be3 Be6 10. Qd2 a6 11. f4 Na5 12. Nxa5 Qxa5 13. f5 Bd7 14. Bf3 Rc8 15. Rfd1 Rxc3 16. Qxc3 Qxc3 17. bxc3 Bc6 18. g4 Kd7 19. c4 Nxe4 20. Bxe4 Bxe4 21. Rd2 Kc6 22. Kf2 Rc8 23. Rb1 Rc7 24. Rb6+ Kd7 25. c5 d5 26. c3 Bh4+ 27. Ke2 Ke7 28. Rb4 Kf6 29. Rxb7 Rxb7 30. c6 Rc7 31. c4 d4 32. Bxd4 exd4 33. Rxd4 Bxc6 34. Rd6+ Kg5 35. c5 Kxg4 36. Kd2 Kxf5 37. h3 Bf6 0-1

[Event "Titled Tuesday intern op 28th Mar Late"]
[Site "Chess.com INT"]
[Date "2023.03.28"]
[Round "2"]
[White "Vargas Rodriguez, Wilver"]
[Black "Mendes, Aaron Reeve"]
[Result "0-1"]
[WhiteElo "2332"]
[BlackElo "2067"]
[PlyCount "72"]
[EventDate "2023.03.28"]
[EventType "swiss (blitz)"]
[EventRounds "11"]
[EventCountry "USA"]
[SourceTitle "EXT 2024"]
[Source "ChessBase"]
[SourceDate "2023.10.10"]
[SourceVersion "1"]
[SourceVersionDate "2023.10.10"]
[SourceQuality "1"]

1. e4 c5 2. Nf3 d6 3. d4 cxd4 4. Nxd4 Nf6 5. Nc3 a6 6. Bc4 e6 7. Bb3 Be7 8. Bg5 0-0 9. Qf3 Qc7 10. 0-0-0 b5 11. e5 Bb7 12. exd6 Bxd6 13. Qe3 h6 14. Ndxb5 axb5 15. Nxb5 Qa5 16. Nxd6 Nd5 17. Qd2 Qa6 18. Nxb7 Qxb7 19. Bxd5 exd5 20. Qxd5 Qxd5 21. Rxd5 hxg5 22. a3 Nc6 23. Rxg5 Nd4 24. h4 Rfd8 25. h5 Rac8 26. c3 Nb3+ 27. Kc2 Rb8 28. Rd1 Re8 29. h6 g6 30. Rd7 Re2+ 31. Kd1 Rxf2 32. Rg4 Rxb2 33. Rb4 Re8 34. h7+ Kxh7 35. Rxf7+ Kh6 36. Rf1 Rd2# 0-1